000 01598nam a2200457 i 4500
001 14753
003 KOSZ 005
005 20191123075120.0
008 070816s1972 pl a f 000 0 pol
015 _aPB 1972/11217
035 _a991035972229705066
035 _a(PL-WaBN)b19668648-48omnis_nlop
035 _ab19668648
035 _a(OCoLC)751072560
035 _a(PL)b0000001966864
035 _a(EXLNZ-48OMNIS_NETWORK)9910321395205606
040 _aWA N
_cWA N
_dKOSZ 005/KK
080 _a621.9
080 _a621.38
100 1 _aSzymański, Henryk
_d(1931- ).
_eAutor
245 1 0 _aMikroobróbka wiązką elektronową /
_cHenryk Szymański, Kazimierz Friedel, Witold Słówko.
260 _aWarszawa :
_bWydawnictwa Naukowo-Techniczne,
_c1972.
300 _a122, [1] strona :
_bilustracje ;
_c23 cm.
336 _2rdacontent
_aTekst
_btxt
337 _2rdamedia
_aBez urządzenia posredniczącego
_bn
338 _2rdacarrier
_aWolumin
_bnc
380 _aKsiążki
388 _a1901-2000
490 1 _aNowa Technika ;
_vz. 100
504 _aBibliografia na stronach 121-[123].
650 _aMikroobróbka
650 _aWiązka elektronowa
658 _aInżynieria i technika
700 1 _aFriedel, Kazimierz
_d(1938- ).
700 1 _aSłówko, Witold
_d(1940- ).
710 2 _aWydawnictwa Naukowo-Techniczne
_4pbl
830 0 _aNT Nowa Technika
_vz. 100
856 _uhttp://koha.tu.koszalin.pl/cgi-bin/koha/opac-detail.pl?biblionumber=14753
_yKatalog online BPK
942 _2UKD
_cKS
999 _c14753
_d14753